| 000 | 01096cam a2200313 a 4500 | ||
|---|---|---|---|
| 001 | 4481903 | ||
| 005 | 20171024120826.0 | ||
| 008 | 960409s1996 nyu b 001 0 eng d | ||
| 010 | _a 96190443 | ||
| 020 | _a0471961957 | ||
| 020 | _a0471961965 (pbk.) | ||
| 035 | _a(OCoLC)34536801 | ||
| 040 |
_aMiU _cMiU _dDLC |
||
| 042 | _alccopycat | ||
| 050 | 0 | 0 |
_aRA651 _b.M36 1996 |
| 082 | 0 | 0 |
_a614.4072 _221 _bMCN |
| 100 | 1 |
_aMcNeil, Don, _d1941- _95996 |
|
| 245 | 1 | 0 |
_aEpidemiological research methods / _cDon McNeil. |
| 260 |
_aNew York : _bWiley, _c1996. |
||
| 300 |
_ax, 305 p. : _bill. ; _c24 cm. |
||
| 490 | 0 | _aWiley series in probability and statistics | |
| 504 | _aIncludes bibliographical references and index. | ||
| 650 | 0 |
_95997 _aEpidemiology _xResearch _xMethodology |
|
| 650 | 2 |
_95998 _aEpidemiologic Methods |
|
| 856 | 4 | 2 |
_3Publisher description _uhttp://www.loc.gov/catdir/description/wiley031/96190443.html |
| 856 | 4 |
_3Table of Contents _uhttp://www.loc.gov/catdir/toc/onix01/96190443.html |
|
| 942 |
_2ddc _cBB |
||
| 999 |
_c11787 _d11787 |
||